000
00237nam a22001097a 4500
008
230605b xxu||||| |||| 00| 0 eng d
082
_a
331.25
_b
MUH
100
_c
Njoki Muhoho
245
_a
Workplace
300
_a
146 pages
942
_2
ddc
_c
BK
999
_c
382
_d
382